| 000 | 01293cam a2200349 i 4500 | ||
|---|---|---|---|
| 001 | 15254705 | ||
| 003 | EG-ScBUE | ||
| 005 | 20240821085255.0 | ||
| 008 | 080409t2008 nyuab f b 001 0 eng d | ||
| 020 | _a9780387692159 (hardcover : alk. paper) | ||
| 040 |
_aDLC _beng _erda _cDLC _dEG-ScBUE |
||
| 041 | 1 |
_aeng _hfre |
|
| 082 | 0 | 4 |
_222 _a501.51 _bROU |
| 100 | 1 |
_aRousseau, Christiane, _eauthor. _97143 |
|
| 245 | 1 | 0 |
_aMathematics and technology / _cChristiane Rousseau, Yvan Saint-Aubin ; Chris Hamilton, translator. |
| 264 | 1 |
_aNew York : _bSpringer, _c[2008] |
|
| 264 | 4 | _cc2008 | |
| 300 |
_axv, 580 pages : _billustrations, maps ; _c24 cm. |
||
| 336 |
_2rdacontent _atext _btxt |
||
| 337 |
_aunmediated _2rdamedia _bn |
||
| 338 |
_avolume _bnc _2rdacarrier |
||
| 490 | 0 | _aSpringer undergraduate mathematics and technology | |
| 504 | _aIncludes bibliographical references and index. | ||
| 546 | _aText in English ; translated from the original French. | ||
| 650 | 7 |
_aScience _xMathematics. _2BUEsh _97144 |
|
| 650 | 7 |
_aTechnology _xMathematics. _2BUEsh _97145 |
|
| 655 | _vReading book | ||
| 700 | 1 |
_aSaint-Aubin, Yvan, _eauthor. _97146 |
|
| 700 | 1 |
_aHamilton, Chris, _etranslator. _97147 |
|
| 942 |
_2ddc _cBB |
||
| 999 |
_c12088 _d12088 |
||